Dance Moms Trivia - Statistics

General Stats
  • This quiz has been taken 5,626 times
  • The average score is 8 of 10
Answer Stats
Hint Answer % Correct
Dance instructor's name Abby Lee Miller
99%
Brooke's sister Paige
96%
Nia's mom Holly
95%
Maddie's sister Mackenzie
95%
Rival dance studio Candy Apples Dance Center
92%
Chloe's mom Christie
90%
Number of original dancers in the group Six
88%
Cathy's daughter Vivi Ann
81%
Shape of the picture ratings Pyramid
60%
Competition they go to the most Starbound
40%
No matching quizzes found
Score Distribution
Percent of People with Each Score
Percentile by Number Answered
Your Score History
You have not taken this quiz